00504nas a2200181 a 4500001001000000003000400010005001700014008004100031040001300072043000900085245002800094260009200122300001700214310001900231650002100250651003400271999001700305000037002DLC20250707112615.0120208c19569999dr ur1pdd 0 0spa d aDO-SdBNP anwdr00aEstadística bancaria. aCiudad Trujillo, República Dominicana :bDirección General de Estadística,c1956. av. ;c28 cm. aVol. XXI, 1957 0aEconomia 985383 0aRepública Dominicana910483 c36492d36492